000 01202nam a2200265Ia 4500
003 Ost
005 20260507075123.0
008 260507s9999||||xx |||||||||||||| ||und||
020 _a9957241672
040 _cfsecg
041 _aara
082 _a330
100 _aالعاني، محمد جاسم محمد علي شعبان
_eمؤلف
245 0 _aالنماذج الرياضية وأساليب التحليل الكمي في التخطيط الحضري والإقليمي /
_c محمد جاسم محمد علي شعبان العاني
260 _aعمان:
_bدار صفاء,
_c2005
300 _a195 صفحة؛
_bإيضاحات ؛
_c24 سم
504 _aالتوضيحات باللغة الأنجليزية
520 _aدور النماذج في العملية التخطيطية ومبادئ التصميم واستعمال النماذج-مبادئ الرياضية والنماذج الخطية والجاذبية-الإستنتاجات
653 _aالعملية التخطيطية
653 _aالنماذج
653 _aالنماذج الإثباتية
653 _aالنماذج التخطيطية
653 _aالنماذج الوصفية
942 _cكتاب
999 _c43100
_d43100